000 00939cab a22002295a 4500
001 L146298
008 090106e20081220xxka f s 000 0 eng d
035 _a(Sirsi) u146298
041 0 _aeng
100 1 _aPenfold, Blake
245 0 0 _aLittle or nothing
260 _c2008
490 _aEstates Gazette
_v(0850) 20 December 2008, 66-67(2)
520 _aArticle discusses the empty rates tax and suggests that changes in the Pre Budget Report sought to alleviate the burden, but were less than successful. Discusses these changes, makes suggestions for future changes and provides examples of how to calculate rates liabilities.
590 _aKA
650 2 4 _aRATING (EMPTY PROPERTIES) ACT 2007
650 2 4 _aHAILBURY INVESTMENTS LTD V WESTMINSTER CITY COUNCIL
650 2 4 _aLYONS REVIEW
651 4 _aEngland and Wales
_y1543-
690 _aPROPERTY-COMMERCIAL PROPERTY-COMMERCIAL PROPERTY TAXATION-BUSINESS RATES
942 _n0
999 _c81120
_d81120